00801 a2200157 4500020001500000082001500015100002200030245003600052260003400088300002800122505029300150650005400443700002100497999001300518952011200531 a8446014610 a701bD946a aDuque, Felix9850 aArte publico y espacio politico aEspaąbEdiciones Akalc2001 a174 pbill (col)c24 cm tAgradecimientostCapitulo 1. Controversia con Heidegger: El Arte Publico y el (Espacio) PoliticotCapitulo 2. La tecnica como productora del mundotCapitulo 3. El arte y el nacimiento del publicotCapitulo 4. El Arte Publico y la herida de la tierratBibliografiatIndice de ilustraciones aesteticaxarte xarte publicoxarte y estado9851 aFelix Duque9852 c178d178 00102ddc4070aLVbLVcPensamientod2014-05-26l0o701 D946ap000129r2014-05-26 00:00:00w2014-05-26y01